Normal view
MARC view
- Corey,Gerald
Entry Personal Name
001 - CONTROL NUMBER
- control field: 673
003 - CONTROL NUMBER IDENTIFIER
- control field: JO-AjAnu
005 - DATE AND TIME OF LATEST TRANSACTION
- control field: 20230606070421.0
008 - FIXED-LENGTH DATA ELEMENTS
- fixed length control field: 230606|| aca||aabn | a|a d
040 ## - CATALOGING SOURCE
- Original cataloging agency: JO-AjAnu
- Transcribing agency: JO-AjAnu
100 ## - HEADING--PERSONAL NAME
- Personal name: Corey,Gerald
670 ## - SOURCE DATA FOUND
- Source citation: Work cat.: (JO-AjAnu)355: Corey,Gerald, author, Theory and Practice of Counseling and Psychotherapy